1630 1229 1883 1301 1900 1088 1165 1804 1869 1480 1873 1848 1594 1575 1125 1606 1775 1162 1177 1175 1042 1463 1578 1868 1521 1092 1044 1928 1208 1985 1340 1088 1424 1773 1715 1678 1211 1966 1408 1237 1180 1324 1270 1863 1755 1812 1436 1210 1151 1462 1932 1625 1281 1933 1423 1620 1500 1828 1195 1248 1537 1044 1961 1834 1237 1979 1435 1311 1194 1407 1414 1221 1971 1683 1740 1116 1991 1248 1415 1062 1377 1822 1645 1530 1377 1456 1965 1704 1727 1101 1316 1742 1378 1257 1072 1446 1361 1263 1401 BCNSPRNW ULIB Ver.6.0+V

เปลี่ยนเป็นภาษาไทย

Change to English
 แสดงรายละเอียดบรรณานุกรม
  กลับหน้าหลัก

Brief Record : Get Marc (ISO 2709) : E-mail record : QR code < ปิดหน้าต่าง
LEADER : 00000nam 2200000uu 4500
001    13399114990
003     ULIB
008    120627s2553||||th 000 0 tha d
020    ^a9786160600885
090    ^aนว.^bท466ม 2553
100 0  ^atintin
245 00 ^a(ไม่) รู้ว่า (ไม่) รัก/^ctintin
250    ^aพิมพ์ครั้งที่ 2
260    ^aกรุงเทพฯ :^bแจ่มใส,^c2553
300    ^a202 หน้า
710 1  ^aแจ่มใส
945    ^p169^l0^i17086
995    ^aกัณชพร
999    ^aใช้งานได้ทุกระบบ
รายการนี้ยังไม่มีแท็ก
คุณยังไม่ได้ล็อกอิน คุณสามารถมีกิจกรรมร่วมกับเว็บไซต์ได้ แต่ต้องล็อกอินก่อน ::
  ล็อกอิน

รายการสื่อสารสนเทศ

ลำดับที่ ประเภท เลขเรียก/บาร์โค้ด สถานที่ สถานะ
1. นวนิยาย
นวนิยาย
นว. ท466ม 2553  
  Barcode: 17086
ห้องสมุดวิทยาเขตสวรรค์ประชารักษ์
►นวนิยาย
บนชั้น
  ขอยืม

BibComment


ยังไม่เคยถูกคอมเมนท์

คอมเมนท์ทรัพยากรรายการนี้
  คอมเมนท์: ไม่ รู้ว่า ไม่ ร..


 Copyright 2026. Bcnsprnw @Library